Introduction to communication systems / (Record no. 181165)

000 -LEADER
fixed length control field 00937 a2200205 4500
003 - CONTROL NUMBER IDENTIFIER
control field Nust
005 - DATE AND TIME OF LATEST TRANSACTION
control field 20220817184742.0
010 ## - LIBRARY OF CONGRESS CONTROL NUMBER
LC control number 89038235
020 ## - INTERNATIONAL STANDARD BOOK NUMBER
International Standard Book Number 0201516519
040 ## - CATALOGING SOURCE
Transcribing agency Nust
082 00 - DEWEY DECIMAL CLASSIFICATION NUMBER
Classification number 621.382,STK
100 1# - MAIN ENTRY--PERSONAL NAME
Personal name Stremler, Ferrel G.
9 (RLIN) 97874
245 10 - TITLE STATEMENT
Title Introduction to communication systems /
Statement of responsibility, etc. Ferrel G. Stremler.
250 ## - EDITION STATEMENT
Edition statement 3rd ed.
260 ## - PUBLICATION, DISTRIBUTION, ETC.
Place of publication, distribution, etc. Reading, Mass. :
Name of publisher, distributor, etc. Addison-Wesley Pub. Co.,
Date of publication, distribution, etc. 1990.
300 ## - PHYSICAL DESCRIPTION
Extent xix, 757 p. :
Other physical details ill. ;
Dimensions 24 cm.
505 ## - FORMATTED CONTENTS NOTE
Formatted contents note Introduction (Page-1), Orthogonality and Signal Representations (Page-8), The Fourier Transform and Applications (Page-82), Spectral Density and Correlation (Page-163), Amplitude Modulation (Page-219), Angle Modulation (Page-298), Pulse Modulation (Page-371), Probability and Random Variables (Page- 457), Information and Digital Transmission (Page-531), Digital Modulation (Page-608).
650 #0 - SUBJECT ADDED ENTRY--TOPICAL TERM
Topical term or geographic name entry element Telecommunication Engineering.
942 ## - ADDED ENTRY ELEMENTS (KOHA)
Koha item type Reference
Source of classification or shelving scheme
Holdings
Withdrawn status Lost status Source of classification or shelving scheme Damaged status Not for loan Permanent Location Current Location Shelving location Date acquired Full call number Barcode Date last seen Price effective from Koha item type Public note
          Military College of Signals (MCS) Military College of Signals (MCS) Reference 12/12/2016 621.382,STR MCS27358 12/08/2016 12/12/2016 Reference Almirah No.22, Shelf No.4
© 2023 Central Library, National University of Sciences and Technology. All Rights Reserved.